[Event "Arber op 3rd"]
[Site "Bayerisch Eisenstein"]
[Date "2014.08.24"]
[Round "9"]
[White "Bergmann, Reiner"]
[Black "Schumacher, Ralph"]
[Result "0-1"]
[WhiteElo "1851"]
[BlackElo "1606"]
[PlyCount "80"]
[EventDate "2014.08.16"]
[EventType "swiss"]
[EventRounds "9"]
[EventCountry "GER"]
[SourceTitle "CBM 161 Extra"]
[Source "ChessBase"]
[SourceDate "2014.08.29"]
[SourceVersion "1"]
[SourceVersionDate "2014.08.29"]
[SourceQuality "1"]

1. e4 d5 2. exd5 Qxd5 3. Nc3 Qa5 4. d4 c6 5. Bd3 Nf6 6. Bd2 Qc7 7. Nge2 Bg4 8. f3 Bh5 9. Bf4 Qd8 10. Qd2 e6 11. 0-0-0 Bd6 12. Bg5 Nbd7 13. Ne4 Be7 14. Nxf6+ Bxf6 15. Be3 Bg6 16. Bxg6 hxg6 17. g4 Nb6 18. Bf2 Qd5 19. Kb1 Qxf3 20. Bg3 0-0-0 21. g5 Nc4 22. Qe1 Bxg5 23. Ka1 Bf6 24. Rd3 Qe4 25. Kb1 Rh5 26. Rf1 Rb5 27. b3 g5 28. Kc1 Nb6 29. a4 Rf5 30. Rxf5 exf5 31. Bf2 f4 32. Qd2 Re8 33. Nc3 Qh1+ 34. Kb2 Qxh2 35. Ka2 g4 36. d5 Rd8 37. Ne4 Nxd5 38. Qa5 a6 39. Qc5 Kc7 40. c4 b6 0-1

[Event "Arber op 3rd"]
[Site "Bayerisch Eisenstein"]
[Date "2014.08.22"]
[Round "7"]
[White "Ranker, Klemens"]
[Black "Schumacher, Ralph"]
[Result "0-1"]
[WhiteElo "1925"]
[BlackElo "1606"]
[PlyCount "74"]
[EventDate "2014.08.16"]
[EventType "swiss"]
[EventRounds "9"]
[EventCountry "GER"]
[SourceTitle "CBM 161 Extra"]
[Source "ChessBase"]
[SourceDate "2014.08.29"]
[SourceVersion "1"]
[SourceVersionDate "2014.08.29"]
[SourceQuality "1"]

1. e4 d5 2. exd5 Qxd5 3. Nc3 Qa5 4. Bc4 Nf6 5. d3 c6 6. Bf4 Bf5 7. Nf3 Nbd7 8. h3 e6 9. 0-0 Nd5 10. Bd2 Qc7 11. Ne2 Bd6 12. Ned4 Bg6 13. Re1 Ne5 14. Bxd5 cxd5 15. Bc3 a6 16. Nxe6 Nxf3+ 17. Qxf3 fxe6 18. Rxe6+ Be7 19. Bxg7 Rg8 20. Bc3 0-0-0 21. Bd4 Bc5 22. Bf6 Rde8 23. Rxe8+ Bxe8 24. Qxd5 Rf8 25. Bh4 Bd7 26. d4 Bd6 27. c4 Bc6 28. Qe6+ Bd7 29. Qe2 Rg8 30. Kf1 Bh2 31. Qd3 Rg7 32. b3 Qf4 33. Qf3 Qxf3 34. gxf3 Rg1+ 35. Ke2 Rxa1 36. Ke3 Rxa2 37. f4 Bxh3 0-1

[Event "Arber op 3rd"]
[Site "Bayerisch Eisenstein"]
[Date "2014.08.18"]
[Round "3"]
[White "Trinkl, Andreas"]
[Black "Schumacher, Ralph"]
[Result "0-1"]
[WhiteElo "1817"]
[BlackElo "1606"]
[PlyCount "56"]
[EventDate "2014.08.16"]
[EventType "swiss"]
[EventRounds "9"]
[EventCountry "GER"]
[SourceTitle "CBM 161 Extra"]
[Source "ChessBase"]
[SourceDate "2014.08.29"]
[SourceVersion "1"]
[SourceVersionDate "2014.08.29"]
[SourceQuality "1"]

1. e4 b6 2. d4 Bb7 3. Nc3 e6 4. Nf3 h6 5. Bd3 Ne7 6. Qe2 a6 7. a3 d6 8. b4 Nd7 9. Rb1 g6 10. Bb2 Bg7 11. 0-0 0-0 12. h4 f5 13. exf5 exf5 14. Rfe1 Nc6 15. Qe6+ Kh7 16. h5 Rf6 17. hxg6+ Kh8 18. Qe3 Nxd4 19. Nxd4 Rxg6 20. Nf3 Ne5 21. Be2 Rg4 22. Nd1 Qd7 23. Kf1 Re8 24. Qc1 f4 25. Nxe5 Bxg2+ 26. Kg1 Bf3+ 27. Kf1 Rxe5 28. Bxe5 Rg1+ 0-1